|
|
|
|
| LEADER |
00000nam0a2200000 4500 |
| 001 |
284780 |
| 005 |
20231101235729.0 |
| 035 |
|
|
|a (RuTPU)RU\TPU\book\308964
|
| 090 |
|
|
|a 284780
|
| 100 |
|
|
|a 20150218d1985 m y0rusy50 ca
|
| 101 |
0 |
|
|a rus
|
| 102 |
|
|
|a RU
|
| 105 |
|
|
|a a j 001zy
|
| 200 |
1 |
|
|a Метод конечных элементов в сопротивлении материалов
|e рекомендации по освоению теоретического курса
|f Рижский политехнический институт ; сост. Ю. А. Калинка
|
| 210 |
|
|
|a Рига
|c Изд-во Рижского политехнического ин-та
|d 1985
|
| 215 |
|
|
|a 44 с.
|c ил.
|
| 320 |
|
|
|a Библиогр.: с. 43
|
| 606 |
|
|
|a Сопротивление материалов
|x Математические методы
|2 stltpush
|3 (RuTPU)RU\TPU\subj\71875
|9 85576
|
| 610 |
1 |
|
|a изгиб балок
|
| 610 |
1 |
|
|a принцип минимума
|
| 610 |
1 |
|
|a применение
|
| 610 |
1 |
|
|a метод Ритца
|
| 610 |
1 |
|
|a продольно-поперечный изгиб
|
| 610 |
1 |
|
|a продольный изгиб
|
| 610 |
1 |
|
|a вынужденные колебания
|
| 610 |
1 |
|
|a свободные колебания
|
| 675 |
|
|
|a 539.3/.6(075.80
|v 4
|
| 702 |
|
1 |
|a Калинка
|b Ю. А.
|4 220
|
| 712 |
0 |
2 |
|a Рижский политехнический институт
|2 stltpush
|3 (RuTPU)RU\TPU\col\7561
|9 24345
|
| 801 |
|
1 |
|a RU
|b 63413507
|c 20150218
|
| 801 |
|
2 |
|a RU
|b 63413507
|c 20171024
|g RCR
|
| 942 |
|
|
|c BK
|